[Event "SRI-chB (Women)"]
[Site "Malabe"]
[Date "2015.06.27"]
[Round "8"]
[White "Abeysinghe, HMH Janandani"]
[Black "Tennakoonwela, Pamudie Sasankha"]
[Result "1-0"]
[WhiteElo "1444"]
[BlackElo "1377"]
[PlyCount "153"]
[EventDate "2015.05.19"]
[EventType "swiss"]
[EventRounds "10"]
[EventCountry "SRI"]
[SourceTitle "EXT 2016"]
[Source "ChessBase"]
[SourceDate "2015.10.08"]
[SourceVersion "1"]
[SourceVersionDate "2015.10.08"]
[SourceQuality "1"]

1. e4 c5 2. Nf3 d6 3. d4 cxd4 4. Nxd4 Nf6 5. Nc3 a6 6. Be3 Ng4 7. Bc1 Nc6 8. h3 Nf6 9. Be3 g6 10. Bc4 Bg7 11. Qd2 Qc7 12. Bb3 b5 13. f3 Bb7 14. 0-0-0 Rc8 15. Nde2 Na5 16. g4 Nxb3+ 17. axb3 Qa5 18. Kb1 Qc7 19. Rc1 Bc6 20. Bh6 0-0 21. h4 e6 22. h5 Ne8 23. Bxg7 Kxg7 24. hxg6 fxg6 25. Nd4 Qe7 26. Qh6+ Kg8 27. Nxe6 Rf7 28. Nf4 Rg7 29. Nfd5 Bxd5 30. Nxd5 Qf7 31. Qf4 Qe6 32. Qd2 Nf6 33. Nxf6+ Qxf6 34. Qd5+ Kh8 35. Rhf1 Rgc7 36. c3 Qf8 37. Rcd1 Rd8 38. Qd4+ Qg7 39. Qb6 Qf7 40. Rxd6 Rdc8 41. Qd4+ Kg8 42. Rd8+ Rxd8 43. Qxd8+ Kg7 44. Qd4+ Kg8 45. Qd5 Rd7 46. Qxf7+ Kxf7 47. Kc2 Ke6 48. c4 b4 49. Rd1 Rf7 50. Rd3 h5 51. gxh5 gxh5 52. Rd2 h4 53. Rh2 Rf4 54. Kd2 Ke5 55. Ke3 a5 56. Rh3 Rf7 57. Rxh4 Kd6 58. Rh5 Ra7 59. f4 a4 60. bxa4 Rxa4 61. Rb5 b3 62. Kd3 Ra1 63. Rxb3 Rd1+ 64. Ke2 Rd4 65. Rd3 Kc5 66. Rxd4 Kxd4 67. e5 Kxc4 68. e6 Kb3 69. e7 Kxb2 70. e8Q Kb3 71. Qc6 Kb4 72. f5 Kb3 73. f6 Kb2 74. f7 Kb3 75. f8R Kb2 76. Rb8+ Ka3 77. Qa6# 1-0